00755nam a22001937a 4500999001900000010001500019020003000034035001400064037001300078082001100091100002200102245008200124260004000206270012800246300002300374650001800397942002500415952012100440 c166966d166966 aENG-126191 a978-93-8472-659-1c995.00 aEN-109723 bDBAD/PUB a808.88 aMukherjee,Gurudas aEnglish Novel:cby Gurudas Mukherjee[and]Indibar MukherjeebA Critical Study/ aNew DelhibAne Books Pvt.Ltd.c2017 a4821,Parwana Bhawan 1st Floor 24 Ansari Road, Darya GanjbNew Delhi e110002k+91(011)23276843,2814209manebookschennai.com avii141p.b24cm(hb) aEnglish Novel 2ddccENh808.88mMUK 001040708NFICaAGbAGd2019-08-19eDBAD/PUBg995.00l0o808.88 MUKpEN-109723r2019-08-19 00:00:00t1v995.00yEN